« Retourner aux résultats de recherche
pirate à l'école (Un)
| Auteur principal: | Christine Palluy Auteur du texte |
|---|---|
| D'autres auteurs: | Yves Callarnou |
| Support: | Livres |
| Langue: | Francais |
| Publié: |
DL 2017 Bayard Jeunesse [Paris] |
| Genre: |
Roman enfant |
| Collection: |
Youpi, je lis ! |
| Sujets: | |
| Étiquettes: |
Ajouter
Pas de Tags !
|
| LEADER | 01027nam0a2200217 450 | ||
|---|---|---|---|
| 001 | 16840660 | ||
| 010 | |a 978-2-7470-8242-6 |b br. |d 5,9 | ||
| 100 | |a 20170907d2026 u u0frey01 ba | ||
| 101 | 0 | |a fre | |
| 102 | |a FR | ||
| 200 | 0 | |a pirate à l'école (Un) |f écrit par Christine Palluy |g illustré par Yves Callarnou | |
| 207 | 1 | |a | |
| 210 | |a [Paris] |c Bayard Jeunesse |d DL 2017 | ||
| 215 | |a 1 vol. (23 p.) |c ill. en coul. |d 19 cm | ||
| 225 | 1 | |a Youpi, je lis ! |v 1 | |
| 330 | |a C'est la rentrée ! Les élèves attendent impatiemment leur nouveau maître. Surgit alors un homme à l'accoutrement étrange : une jambe en bois, un grand chapeau, des bijoux... Pas de doute, c'est un pirate ! Ce dernier va leur faire une requête particulière : apprendre à lire. | ||
| 700 | 0 | |a Palluy |b Christine |c Auteur du texte |f 1959-.... |4 70 | |
| 702 | 0 | |a Callarnou |b Yves |f 1951-.... |4 440 | |
| 900 | |a Roman enfant | ||
| 901 | |a Accessible au prêt | ||
| 995 | |a Bibliothèque |c Bibliothèque |f 024022972 |h 024022972 |k E C2 PAL |o p |q j |r az |e Bibliothèque | ||
